000 00723cab a22002415a 4500
001 L159004
008 151202e20151120xxk 000 0 eng d
035 _a(Sirsi) u159004
041 0 _aeng
100 1 _aMcCabe, Jess
245 0 0 _aFueling the fire?
260 _c2015
490 _aInside Housing
_v20 November 2015, 28-33(4)
520 _aFollowing a fire in a timber-framed constucted block of flats in July 2015 considers fire risk factors in the construction of timber frame buildings.
590 _aKA
650 2 4 _aTIMBER-FRAME
650 2 4 _aRISK
650 2 4 _aFIRE
651 4 _aUnited Kingdom
690 _aBuilding regulations
_96224
690 _aBuilding materials and defects
942 _n0
_2ddc
999 _c84765
_d84765